Films policiers célèbres - Statistiques

Statistiques générales
  • Ce quiz a été pris 287 fois
  • Le résultat moyen est 18 sur 30
Statistiques - réponses
Titre Mot % Correct
36 4 des Orfèvres quai
96%
Le 5 de l'Orient Express crime
93%
la 4 aux trousses mort
92%
Le 4 des Siciliens clan
88%
4 sur la ville peur
85%
Le 4 de Beverly Hills flic
83%
Le 7 de la chambre jaune mystère
76%
Maigret tend un 5 piège
75%
L' 8 habite au 21 assassin
72%
La main au 6 collet
72%
les 8 du Tigre brigades
70%
French 10 connection
70%
L' 7 Thomas Crown affaire
69%
La 5 à Bonnot bande
69%
L'homme au 8 d'or pistolet
69%
Touchez pas au 6 grisbi
65%
L' 10 Harry inspecteur
64%
Le 4 se rebiffe cave
54%
Adieu 6 poulet
53%
Du 6 à Paname rififi
53%
L' 7 du train postal attaque
52%
Mortelle 9 randonnée
48%
6 Python 357 police
47%
Le port de l' 8 angoisse
46%
Le 4 Fayard dit "Le shériff" juge
37%
L' 10 de Boston étrangleur
27%
Les 8 ne portent pas de costrd cadavres
24%
Un 9 dans la ville justicier
14%
L' 6 du Chicago Express énigme
9%
Tendre 5 voyou
8%
Aucun quiz correspondant
Distribution des résultats
% des personnes avec chaque résultat
Percentile par nombre de réponses
Votre historique - résultats
Vous n’avez pas pris ce quiz